Statistiques concernant Culture générale - Quiz #08

Cliquez ici pour prendre le quiz!

Statistiques générales

  • Ce quiz a été pris 19 806 fois
  • Le résultat moyen est 11 sur 20

Statistiques - réponses

QuestionRéponse% Correct
Quel nom porte un objet saisi, placé sous scellé nécessaire à la recherche de la vérité dans une affaire pénale ?Pièce à {conviction}
82%
Quelle spécialité italienne consiste en une pizza pliée en deux, pour former un "chausson" ?Un calzone
81%
Quelle partie du corps peut-être atteinte de cataracte ?L'œil
76%
Quel cabaret parisien, situé au pied de la butte Montmartre, a donné son nom à un film de Baz Luhrmann sorti en 2001 ?Moulin Rouge
72%
Quel personnage légendaire passe tous les soirs pour endormir les enfants et leur garantir de beaux rêves ?Le marchand de sable
71%
Quel est le point faible de Superman ?La kryptonite
65%
Quelle région italienne se situe le plus proche de la Corse ?La Sardaigne
61%
Quel est l'astre le plus brillant du ciel nocturne, après la Lune ?Vénus
57%
Quel célèbre stade barcelonais est le plus grand stade d'Europe ?Le Camp Nou
54%
Quand la mère Michel a perdu son chat, qui lui a répondu ?Le père Lustucru
54%
Quelle est la traduction française du mot latin "rex" ?Roi
50%
Qui était la mère de Charlotte Gainsbourg ?Jane Birkin
48%
Quel texte fut promulgué par Henri IV pour mettre fin aux guerres de religions ?L'édit de Nantes
48%
Quelle sorcière vit entourée de fétiches, dans une grande case au bout de la route des flamboyants ?Karaba
44%
Quel fleuve traverse Rome ?Le Tibre
44%
Combien fait factorielle 5 ?120
39%
Quelle était la monnaie de l'Italie avant qu'elle n'adopte l'euro ?La Lire
34%
À quoi avez-vous été intoxiqué si vous souffrez de saturnisme ?Au plomb
33%
Quelle est la seule discipline olympique où les hommes et les femmes concourent ensemble les uns contre les autres ?L'équitation
26%
Sous quel nom est mieux connu le chanteur Paul van Haver ?Stromae
18%

Distribution des résultats

Percentile par nombre de réponses

% des personnes avec chaque résultat

Votre développement - résultats

Vous n’avez pas pris ce quiz